[Event "ROU-ch Open 2021"]
[Site "Iasi"]
[Date "2021.04.23"]
[Round "6.19"]
[White "Zubcu, Vlad-George"]
[Black "Chiheri, Alexandru-Virgil"]
[Result "1-0"]
[WhiteElo "2168"]
[BlackElo "1921"]
[Annotator "TA"]
[PlyCount "73"]
[EventDate "2021.04.19"]
[EventType "swiss"]
[EventCountry "ROU"]
[SourceTitle "playchess.com"]
[Source "ChessBase"]
[SourceQuality "1"]

{[%evp 12,73,14,27,54,47,63,47,60,52,74,74,130,115,127,115,158,151,154,116,167,164,159,165,158,162,205,205,208,208,178,161,218,200,216,223,269,258,264,214,206,216,225,220,254,247,238,238,241,233,291,250,251,230,250,250,437,423,1268,670,660,614,29981,29977]} 1. e4 {Dolmatov,S} c5 2. Nf3 e6 3. d4 cxd4 4. Nxd4 Nc6 5. Nc3 Qc7 6. Be2 Nf6 7. O-O b6 {B47: Sicilian: Taimanov: 5 Nc3 Qc7 6 f4, 6 g3 and 6 Be2.} 8. Bg5 {[#]} Be7 $146 ({Predecessor:} 8... Bb7 9. Ndb5 Qb8 10. Qd2 Bc5 11. Rad1 Ne5 12. Bxf6 gxf6 13. Na4 Be7 14. f4 Ng6 15. Qxd7+ {1-0 (34) Ivanovic,B (2495)-Zvjaginsev,V (2600) Tivat 1995 CBM 048 Extra [Dolmatov,S]}) 9. Bh4 Nxd4 {White is slightly better.} 10. Qxd4 {Hoping for e5.} Bc5 11. Qd3 a6 (11... O-O $142) 12. Bg3 e5 13. Bh4 Bb7 14. Bxf6 gxf6 15. Bg4 Bd4 {[#]} (15... h5 $16 16. Bf5 (16. Nd5 Qd6 $16) 16... Bd4) 16. Ne2 $1 $18 Bc5 17. Rad1 O-O-O 18. a3 Kb8 19. b4 (19. Bxd7 $2 Bc8 $19) 19... Be7 20. c4 (20. Bxd7 $2 Bc8 $19) 20... Rhg8 21. Bh3 (21. Bxd7 $2 f5 $19) 21... Ka7 (21... Rc8 $142) 22. Ng3 Qb8 23. Rfe1 (23. Bxd7 Qc7 $14) 23... Rg5 24. Nf5 ({And not} 24. Bxd7 Qc7 $11) 24... Bf8 25. Qe3 Qc7 26. Rc1 d6 27. Qf3 Bc8 28. Ne3 Be6 29. Rc3 (29. Qxf6 $6 Rg6) 29... Qd7 30. Bf5 ({Don't play} 30. Qxf6 $6 Rg6 $16) 30... Bh6 31. c5 dxc5 32. bxc5 bxc5 33. Rxc5 {[#] Black must now prevent Rec1.} Bf8 $2 (33... Rgg8 {keeps fighting.} 34. Nd5 (34. Bxh7 Rg7 $18) 34... Rc8 35. Rxc8 Rxc8 36. Bxh7 Bf8) 34. Rc3 {Threatens to win with Nd5.} Be7 (34... Qd2 $142 35. Rc7+ Kb8) 35. Rec1 Bd6 36. Nd5 {Qe3+ would kill now.} Bxf5 37. Qe3+ {Weighted Error Value: White=0.18/Black=0.42} 1-0

[Event "ROU-ch Open 2021"]
[Site "Iasi"]
[Date "2021.04.23"]
[Round "6.20"]
[White "Magold, Filip"]
[Black "Negrean, Andrei"]
[Result "0-1"]
[WhiteElo "2065"]
[BlackElo "1904"]
[Annotator "TA"]
[PlyCount "106"]
[EventDate "2021.04.19"]
[EventType "swiss"]
[EventCountry "ROU"]
[SourceTitle "playchess.com"]
[Source "ChessBase"]
[SourceQuality "1"]

{[%evp 18,106,17,17,31,-15,28,28,27,28,43,33,54,49,82,77,77,80,107,107,92,93,92,37,31,31,35,38,54,10,0,0,18,0,0,-22,-6,-22,0,0,0,0,43,18,21,29,35,0,7,0,57,37,62,33,50,51,82,-81,-76,-83,-72,-165,-154,-166,-158,-275,-275,-278,-274,-466,-470,-464,-448,-689,-660,-804,-770,-1360,-1225,-1250,-1239,-2106,-2200,-29975,-29976,-29976,-9146,-5712,-5389,-29974,-7793]} 1. e4 c5 2. Nf3 d6 3. d4 Nf6 4. Nc3 cxd4 5. Nxd4 a6 6. Be3 e5 7. Nb3 Be6 8. f3 h5 {The modern move.} 9. Be2 Be7 10. Qd2 Nbd7 {B90: Sicilian Najdorf: Unusual White 6th moves, 6 Be3 Ng4 and 6 Be3 e5.} 11. O-O O-O 12. Nd5 Bxd5 {White has an edge.} 13. exd5 Qc7 14. c4 b6 {[#]} 15. Rac1 $146 ({Predecessor:} 15. Rfc1 a5 16. Rab1 Rfb8 17. Na1 Nc5 18. Nc2 g6 19. Na3 Qd7 20. Nb5 Rf8 21. b3 {1-0 (62) Haring,F (2311)-Saito,V (2125) chess.com INT 2020}) 15... Nc5 16. Na1 a5 17. Nc2 Nfd7 18. Na3 f5 19. Nb5 Qd8 20. Bd3 (20. Bd1 $16) 20... Nxd3 $14 21. Qxd3 Nc5 22. Qc2 h4 23. a3 a4 24. Rce1 {[%cal Bc1e1,Be1e2,Be2c2][%mdl 32]} Qd7 25. Qe2 Bf6 26. Kh1 Rae8 27. Qc2 Ra8 28. Re2 Rfc8 29. Rg1 Ra5 30. Qd1 Rxb5 31. cxb5 Qxb5 32. Rc2 Qb3 33. Qe2 h3 (33... e4 $11) 34. gxh3 Qxd5 35. Rd1 Qc6 36. Qc4+ Kf8 37. Qd5 {[#]} (37. Kg2 $16 {is necessary to keep the advantage.}) 37... Qxd5 $17 {Black converts the advantage convincingly.} 38. Rxd5 Ke7 39. Bxc5 (39. h4 $17 {was called for.}) 39... bxc5 {[%mdl 4096] Endgame KRR-KRB} 40. Rc4 Ra8 {[%mdl 1024] Black has strong compensation.} 41. Kg2 {[#]} (41. Rd2 $17) 41... Ke6 $1 $19 {[%cal Re6d5]} 42. Rd2 Be7 43. Kf2 $2 (43. h4 {keeps fighting.}) 43... d5 44. Rcc2 d4 45. Rc4 (45. Rd1 $142 e4 46. fxe4 fxe4 47. Ke1) 45... Kd5 46. Rdc2 e4 47. f4 Ra5 48. Rc1 d3 49. Ke3 Bf6 50. R4c3 Bxc3 51. bxc3 Kc4 52. Rg1 Kxc3 53. Rxg7 c4 {Weighted Error Value: White=0.86/Black=0.09} 0-1

[Event "ROU-ch Open 2021"]
[Site "Iasi"]
[Date "2021.04.23"]
[Round "7.7"]
[White "Gavrilescu, David"]
[Black "Nanu, Costica-Ciprian"]
[Result "1/2-1/2"]
[WhiteElo "2476"]
[BlackElo "2503"]
[Annotator "ChessBase"]
[PlyCount "93"]
[EventDate "2021.04.19"]
[EventType "swiss"]
[EventCountry "ROU"]
[SourceTitle "playchess.com"]
[Source "ChessBase"]
[SourceQuality "1"]
[TimeControl "5400+30"]

1. e4 {[%emt 0:00:00]} c6 {[%emt 0:00:01]} 2. Nf3 {[%emt 0:00:00]} d5 {[%emt 0:00:05]} 3. d3 {[%emt 0:00:13]} dxe4 {[%emt 0:01:01]} 4. dxe4 {[%emt 0:00:06]} Qxd1+ {[%emt 0:00:07]} 5. Kxd1 {[%emt 0:00:04]} Bg4 {[%emt 0:01:46]} 6. Be2 {[%emt 0:00:18]} Nd7 {[%emt 0:01:37]} 7. Ne1 {[%emt 0:00:40]} Bxe2+ {[%emt 0:01:47]} 8. Kxe2 {[%emt 0:00:02]} Nc5 {[%emt 0:05:02]} 9. f3 {[%emt 0:02:49]} e5 {[%emt 0:02:03]} 10. Be3 {[%emt 0:00:54]} Nf6 {[%emt 0:01:34]} 11. Nd2 {[%emt 0:02:53]} Nfd7 {[%emt 0:00:20]} 12. Nc4 {[%emt 0:05:54]} f6 {[%emt 0:02:16]} 13. Rd1 {[%emt 0:06:46]} O-O-O {[%emt 0:09:34]} 14. Nd6+ {[%emt 0:03:07]} Bxd6 {[%emt 0:00:11]} 15. Rxd6 {[%emt 0:00:04]} Kc7 {[%emt 0:01:01]} 16. Rd2 {[%emt 0:06:52]} Ne6 {[%emt 0:06:26]} 17. Nd3 {[%emt 0:00:00]} Nb6 {[%emt 0:01:38]} 18. b3 {[%emt 0:02:55]} Nd4+ {[%emt 0:04:20]} 19. Kd1 {[%emt 0:02:12]} Ne6 {[%emt 0:04:27]} 20. a4 {[%emt 0:07:31]} Nc8 {[%emt 0:00:26]} 21. c3 {[%emt 0:02:55]} b6 {[%emt 0:02:22]} 22. Kc2 {[%emt 0:04:05]} Ne7 {[%emt 0:07:26]} 23. Ra1 {[%emt 0:08:09]} c5 {[%emt 0:02:54]} 24. a5 {[%emt 0:06:54]} Nc6 {[%emt 0:00:16]} 25. axb6+ {[%emt 0:00:34]} axb6 {[%emt 0:00:04]} 26. Nb2 {[%emt 0:00:16]} Rxd2+ {[%emt 0:00:22]} 27. Bxd2 {[%emt 0:00:32]} Na5 {[%emt 0:04:25]} 28. g3 {[%emt 0:08:22]} Kb7 {[%emt 0:02:45]} 29. f4 {[%emt 0:04:24]} exf4 {[%emt 0:00:34]} 30. gxf4 {[%emt 0:00:06]} Re8 {[%emt 0:01:25]} 31. Re1 {[%emt 0:04:35]} g6 {[%emt 0:02:21]} 32. h4 {[%emt 0:08:32]} Ng7 {[%emt 0:01:06]} 33. b4 {[%emt 0:00:44]} cxb4 {[%emt 0:00:52]} 34. cxb4 {[%emt 0:00:04]} Nc6 {[%emt 0:00:42]} 35. Bc3 {[%emt 0:02:08]} Nh5 {[%emt 0:01:25]} 36. Nc4 {[%emt 0:02:07]} Rd8 {[%emt 0:03:30]} 37. e5 {[%emt 0:01:48]} Nd4+ {[%emt 0:00:51]} 38. Bxd4 {[%emt 0:02:43]} Rxd4 {[%emt 0:00:02]} 39. Kc3 {[%emt 0:02:06]} Rxf4 {[%emt 0:00:12]} 40. e6 {[%emt 0:00:21]} Ng7 {[%emt 0:00:24]} 41. e7 {[%emt 0:00:13]} Ne8 {[%emt 0:00:24]} 42. Rd1 {[%emt 0:00:26]} Rf3+ {[%emt 0:00:23]} 43. Kc2 {[%emt 0:00:23]} Rf2+ {[%emt 0:00:57]} 44. Kb3 {[%emt 0:00:08]} Rf3+ {[%emt 0:00:52]} 45. Kb2 {[%emt 0:03:23]} Rf2+ {[%emt 0:01:59]} 46. Kb3 {[%emt 0:01:06]} Rf3+ {[%emt 0:00:22]} 47. Kb2 {[%emt 0:02:45]} 1/2-1/2

[Event "ROU-ch Open 2021"]
[Site "Iasi"]
[Date "2021.04.23"]
[Round "7.8"]
[White "Deac, Bogdan-Daniel"]
[Black "Stoleriu, George"]
[Result "1-0"]
[WhiteElo "2625"]
[BlackElo "2349"]
[Annotator "TA"]
[PlyCount "81"]
[EventDate "2021.04.19"]
[EventType "swiss"]
[EventCountry "ROU"]
[SourceTitle "playchess.com"]
[Source "ChessBase"]
[SourceQuality "1"]

{[%evp 11,81,30,46,41,47,53,59,41,54,41,55,53,70,84,86,85,78,47,100,116,109,107,99,103,122,44,132,137,162,141,148,150,210,210,302,282,299,319,312,295,302,307,469,329,454,420,581,584,582,581,561,561,527,532,543,538,29996,1463,29981,2327,1729,1708,1472,1454,2932,1762,804,747,6458,1124,909,901]} 1. d4 Nf6 2. c4 e6 3. g3 Bb4+ 4. Nd2 O-O 5. Bg2 d6 6. Ngf3 Qe7 7. O-O {E11: Bogo-Indian.} Bxd2 8. Qxd2 e5 9. dxe5 {White is slightly better.} dxe5 {[#]} 10. b4 $146 {[%cal Bb2b4,Bb4b5][%mdl 32]} ({Predecessor:} 10. b3 Nc6 11. Bb2 Rd8 12. Qc3 Ne4 13. Qc2 Ng5 14. Rad1 Nxf3+ 15. Bxf3 Bh3 16. Rfe1 {1-0 (50) Vasilevich,T (2360)-Vasilevich,I (2258) Sochi 2018}) 10... Rd8 11. Qc3 Nc6 12. b5 Nd4 13. Nxd4 exd4 14. Qd3 Bg4 (14... a6 $14) 15. Re1 $16 c5 16. bxc6 bxc6 17. Bb2 $1 Qe8 18. h3 ({White should play} 18. c5 $16) 18... Bh5 (18... Rab8 $14) 19. Bxd4 c5 20. Bxf6 {[%mdl 64] Discovered Attack} ({Inferior is} 20. Bxa8 Rxd4 21. Qf5 Qxa8 $11) 20... Rxd3 21. exd3 Qc8 (21... gxf6 $16 {is a better defense.} 22. Rxe8+ Rxe8) 22. Bxa8 $18 Qxa8 {[#]} (22... gxf6 {was called for.} 23. Bd5 Qxh3) 23. Re5 $1 Be2 24. Rxe2 {aiming for Rae1.} gxf6 {[%mdl 4096] Endgame KQ-KRR} 25. Rb1 Qd8 26. Re3 Qd4 (26... Qc7 $142 27. Re8+ Kg7) 27. Kg2 {And now Rb8+ would win.} Kg7 28. Rb7 a6 29. Ree7 Qxd3 30. Rxf7+ Kg6 {[#] intending ...Qe4+.} 31. Rg7+ $1 Kf5 32. Rg4 Qa3 33. Rf4+ Ke5 34. Rxh7 (34. Re7+ $142 Kd6 35. Rfe4 Qe3 36. Rxe3 h6 37. R3e6#) 34... Qxa2 35. Rh5+ (35. Re7+ $142 Kd6 36. Rfe4 Qxc4 37. Rxc4 f5 38. Ra7 Kd5 39. Rc1 c4 40. h4) 35... Ke6 {White is clearly winning.} 36. Rxc5 a5 37. Rc6+ Ke5 38. Rcxf6 a4 39. R6f5+ Kd6 40. Ra5 {Threatens to win with Rf6+.} Qb3 {[#]} 41. Rxa4 $3 {[%mdl 512] Weighted Error Value: White=0.11/Black=0.93} 1-0

[Event "ROU-ch Open 2021"]
[Site "Iasi"]
[Date "2021.04.23"]
[Round "7.9"]
[White "Jianu, Vlad-Cristian"]
[Black "Coca, Cristi-Iulian"]
[Result "1-0"]
[WhiteElo "2532"]
[BlackElo "2153"]
[Annotator "ChessBase"]
[PlyCount "57"]
[EventDate "2021.04.19"]
[EventType "swiss"]
[EventCountry "ROU"]
[SourceTitle "playchess.com"]
[Source "ChessBase"]
[SourceQuality "1"]
[TimeControl "5400+30"]

1. d4 {[%emt 0:00:00]} Nf6 {[%emt 0:00:00]} 2. c4 {[%emt 0:00:00]} g6 {[%emt 0:00:00]} 3. Nc3 {[%emt 0:00:00]} Bg7 {[%emt 0:00:00]} 4. e4 {[%emt 0:00:00]} d6 {[%emt 0:00:00]} 5. h3 {[%emt 0:00:00]} O-O {[%emt 0:00:34]} 6. Be3 {[%emt 0:00:00]} e5 {[%emt 0:00:52]} 7. d5 {[%emt 0:00:00]} a5 {[%emt 0:03:20]} 8. g4 {[%emt 0:00:10]} Na6 {[%emt 0:01:54]} 9. Nge2 {[%emt 0:00:05]} Nd7 {[%emt 0:04:42]} 10. Ng3 {[%emt 0:00:32]} Ndc5 {[%emt 0:01:12]} 11. Be2 {[%emt 0:00:48]} c6 {[%emt 0:01:25]} 12. h4 {[%emt 0:00:18]} f5 {[%emt 0:11:13]} 13. exf5 {[%emt 0:01:16]} gxf5 {[%emt 0:00:07]} 14. gxf5 {[%emt 0:02:37]} Bxf5 {[%emt 0:00:17]} 15. Nxf5 {[%emt 0:01:17]} Rxf5 {[%emt 0:00:07]} 16. Qd2 {[%emt 0:02:48]} Kh8 {[%emt 0:04:10]} 17. O-O-O {[%emt 0:05:26]} e4 {[%emt 0:05:35]} 18. Rhg1 {[%emt 0:08:16]} Be5 {[%emt 0:07:40]} 19. Rg4 {[%emt 0:03:11]} cxd5 {[%emt 0:21:24]} 20. Nxd5 {[%emt 0:16:12]} Qe8 {[%emt 0:11:36]} 21. Kb1 {[%emt 0:08:02]} b6 {[%emt 0:08:57]} 22. Rdg1 {[%emt 0:04:59]} Rb8 {[%emt 0:06:49]} 23. h5 {[%emt 0:08:05]} Qf7 {[%emt 0:07:28]} 24. h6 {[%emt 0:01:15]} Ne6 {[%emt 0:01:19]} 25. Rxe4 {[%emt 0:03:50]} Nac5 {[%emt 0:00:43]} 26. Reg4 {[%emt 0:00:34]} b5 {[%emt 0:00:27]} 27. cxb5 {[%emt 0:01:00]} Rxf2 {[%emt 0:00:50]} 28. Bxf2 {[%emt 0:01:13]} Qxf2 {[%emt 0:00:03]} 29. Ne7 {[%emt 0:00:36]} 1-0

[Event "ROU-ch Open 2021"]
[Site "Iasi"]
[Date "2021.04.23"]
[Round "7.10"]
[White "Stepanencu, Nicodim-Cosmin"]
[Black "Filip, Lucian-Ioan"]
[Result "1/2-1/2"]
[WhiteElo "2104"]
[BlackElo "2442"]
[Annotator "NA"]
[PlyCount "35"]
[EventDate "2021.04.19"]
[EventType "swiss"]
[EventCountry "ROU"]
[SourceTitle "playchess.com"]
[Source "ChessBase"]
[SourceQuality "1"]
[TimeControl "5400+30"]

1. e4 {[%emt 0:00:00]} c5 {[%emt 0:00:00]} 2. Nf3 {[%emt 0:00:00]} e6 {[%emt 0:00:00]} 3. b3 {[%emt 0:00:00]} a6 {[%emt 0:00:00]} 4. Bb2 {[%emt 0:00:00]} Nc6 {[%emt 0:00:00]} 5. c4 {[%emt 0:00:00]} Qc7 {[%emt 0:00:00]} 6. g3 {[%emt 0:03:15]} Nf6 {[%emt 0:00:32]} 7. Qe2 {[%emt 0:00:48]} b5 {[%emt 0:05:41]} 8. d3 {[%emt 0:10:13]} bxc4 {[%emt 0:05:32]} 9. dxc4 {[%emt 0:00:28]} Bb7 {[%emt 0:16:01]} 10. Bg2 {[%emt 0:03:16]} e5 {[%emt 0:06:31]} 11. Nc3 {[%emt 0:03:04]} Nd4 {[%emt 0:03:46]} 12. Qd3 {[%emt 0:03:28]} Be7 {[%emt 0:00:00]} 13. O-O {[%emt 0:00:46]} d6 {[%emt 0:00:46]} 14. Ne1 {[%emt 0:05:26]} O-O {[%emt 0:03:00]} 15. Nc2 {[%emt 0:02:11]} Rae8 {[%emt 0:15:45]} 16. Rae1 {[%emt 0:06:22]} Qb8 {[%emt 0:03:27]} 17. Ne3 {[%emt 0:05:03]} Bd8 {[%emt 0:00:18]} 18. Bc1 {[%emt 0:15:21]} 1/2-1/2

[Event "ROU-ch Open 2021"]
[Site "Iasi"]
[Date "2021.04.23"]
[Round "7.11"]
[White "Antonica, Dragos-Andrei"]
[Black "Filip, Andrei (L.)"]
[Result "1/2-1/2"]
[WhiteElo "2291"]
[BlackElo "2168"]
[Annotator "NA"]
[PlyCount "65"]
[EventDate "2021.04.19"]
[EventType "swiss"]
[EventCountry "ROU"]
[SourceTitle "playchess.com"]
[Source "ChessBase"]
[SourceQuality "1"]
[TimeControl "5400+30"]

1. d4 {[%emt 0:00:00]} Nf6 {[%emt 0:00:00]} 2. c4 {[%emt 0:00:00]} e6 {[%emt 0:00:00]} 3. Nc3 {[%emt 0:00:00]} c5 {[%emt 0:00:00]} 4. d5 {[%emt 0:00:00]} exd5 {[%emt 0:00:00]} 5. cxd5 {[%emt 0:00:01]} d6 {[%emt 0:00:06]} 6. Nf3 {[%emt 0:00:01]} g6 {[%emt 0:00:18]} 7. Nd2 {[%emt 0:00:02]} Nbd7 {[%emt 0:01:52]} 8. e4 {[%emt 0:00:12]} Bg7 {[%emt 0:01:59]} 9. Be2 {[%emt 0:00:03]} O-O {[%emt 0:01:51]} 10. O-O {[%emt 0:00:03]} Ne5 {[%emt 0:29:43]} 11. h3 {[%emt 0:02:58]} g5 {[%emt 0:19:58]} 12. Nc4 {[%emt 0:17:10]} Nxc4 {[%emt 0:00:00]} 13. Bxc4 {[%emt 0:00:16]} g4 {[%emt 0:00:00]} 14. Bg5 {[%emt 0:19:39]} gxh3 {[%emt 0:03:23]} 15. Qf3 {[%emt 0:07:22]} hxg2 {[%emt 0:01:12]} 16. Rfe1 {[%emt 0:03:42]} h6 {[%emt 0:11:34]} 17. Bh4 {[%emt 0:01:54]} b5 {[%emt 0:04:54]} 18. Bd3 {[%emt 0:21:10]} c4 {[%emt 0:02:58]} 19. Bc2 {[%emt 0:02:59]} b4 {[%emt 0:00:50]} 20. e5 {[%emt 0:03:09]} Bg4 {[%emt 0:01:46]} 21. Qg3 {[%emt 0:00:41]} dxe5 {[%emt 0:00:38]} 22. Ne4 {[%emt 0:01:56]} h5 {[%emt 0:01:52]} 23. Qxg2 {[%emt 0:09:50]} Qb6 {[%emt 0:03:00]} 24. Nxf6+ {[%emt 0:03:02]} Bxf6 {[%emt 0:00:06]} 25. Qe4 {[%emt 0:00:49]} Rfe8 {[%emt 0:01:23]} 26. Qh7+ {[%emt 0:02:08]} Kf8 {[%emt 0:00:00]} 27. d6 {[%emt 0:00:56]} Qxd6 {[%emt 0:02:47]} 28. Qh6+ {[%emt 0:01:39]} Ke7 {[%emt 0:00:09]} 29. Rad1 {[%emt 0:00:50]} Bxd1 {[%emt 0:00:18]} 30. Rxd1 {[%emt 0:00:15]} Qxd1+ {[%emt 0:01:58]} 31. Bxd1 {[%emt 0:00:05]} Bxh4 {[%emt 0:00:06]} 32. Qxh5 {[%emt 0:01:07]} Bf6 {[%emt 0:00:11]} 33. Qf3 {[%emt 0:00:16]} 1/2-1/2

[Event "ROU-ch Open 2021"]
[Site "Iasi"]
[Date "2021.04.23"]
[Round "7.12"]
[White "Nevednichy, Vladislav"]
[Black "Ignat, Matei-Marius"]
[Result "1/2-1/2"]
[WhiteElo "2533"]
[BlackElo "1978"]
[Annotator "ChessBase"]
[PlyCount "80"]
[EventDate "2021.04.19"]
[EventType "swiss"]
[EventCountry "ROU"]
[SourceTitle "playchess.com"]
[Source "ChessBase"]
[SourceQuality "1"]
[TimeControl "5400+30"]

1. e4 {[%emt 0:00:00]} e6 {[%emt 0:00:00]} 2. d4 {[%emt 0:00:07]} d5 {[%emt 0:00:00]} 3. Nc3 {[%emt 0:02:17]} Bb4 {[%emt 0:00:00]} 4. e5 {[%emt 0:01:19]} c5 {[%emt 0:00:05]} 5. Bd2 {[%emt 0:01:18]} Ne7 {[%emt 0:18:34]} 6. a3 {[%emt 0:01:08]} Bxc3 {[%emt 0:00:52]} 7. Bxc3 {[%emt 0:00:02]} b6 {[%emt 0:07:07]} 8. b4 {[%emt 0:08:24]} Nbc6 {[%emt 0:08:30]} 9. Nf3 {[%emt 0:03:05]} Nf5 {[%emt 0:02:57]} 10. dxc5 {[%emt 0:19:02]} bxc5 {[%emt 0:08:57]} 11. b5 {[%emt 0:00:05]} Nb8 {[%emt 0:02:01]} 12. Bd3 {[%emt 0:03:47]} O-O {[%emt 0:04:14]} 13. O-O {[%emt 0:00:25]} a6 {[%emt 0:02:57]} 14. a4 {[%emt 0:01:49]} Bb7 {[%emt 0:06:06]} 15. Qe2 {[%emt 0:04:16]} Nh4 {[%emt 0:07:03]} 16. Nxh4 {[%emt 0:12:23]} Qxh4 {[%emt 0:00:23]} 17. bxa6 {[%emt 0:00:24]} Bxa6 {[%emt 0:14:00]} 18. Bxa6 {[%emt 0:00:59]} Rxa6 {[%emt 0:00:53]} 19. a5 {[%emt 0:03:20]} c4 {[%emt 0:02:11]} 20. Rfb1 {[%emt 0:11:40]} Nc6 {[%emt 0:00:21]} 21. Rb7 {[%emt 0:01:53]} Qd8 {[%emt 0:02:38]} 22. h3 {[%emt 0:13:29]} Qa8 {[%emt 0:01:16]} 23. Rab1 {[%emt 0:03:01]} Nxa5 {[%emt 0:06:53]} 24. Bxa5 {[%emt 0:00:04]} Rxa5 {[%emt 0:00:02]} 25. Kh2 {[%emt 0:00:08]} Ra7 {[%emt 0:00:18]} 26. R7b6 {[%emt 0:00:05]} Ra1 {[%emt 0:00:56]} 27. R1b4 {[%emt 0:00:47]} h6 {[%emt 0:01:19]} 28. f4 {[%emt 0:02:16]} Qc8 {[%emt 0:02:40]} 29. Qf2 {[%emt 0:02:15]} Qa8 {[%emt 0:00:15]} 30. f5 {[%emt 0:02:30]} exf5 {[%emt 0:00:31]} 31. Qd4 {[%emt 0:00:31]} Ra5 {[%emt 0:00:53]} 32. e6 {[%emt 0:00:04]} Qe8 {[%emt 0:00:30]} 33. Qe5 {[%emt 0:01:55]} fxe6 {[%emt 0:00:32]} 34. Rb8 {[%emt 0:01:26]} Qc6 {[%emt 0:00:32]} 35. R4b6 {[%emt 0:00:30]} Qc5 {[%emt 0:00:26]} 36. Qxe6+ {[%emt 0:00:42]} Kh7 {[%emt 0:00:32]} 37. Qg6+ {[%emt 0:00:09]} Kh8 {[%emt 0:00:06]} 38. R8b7 {[%emt 0:00:45]} Qd4 {[%emt 0:00:54]} 39. Qxh6+ {[%emt 0:00:37]} gxh6 {[%emt 0:00:09]} 40. Rxh6+ {[%emt 0:00:01]} Kg8 {[%emt 0:00:13]} 1/2-1/2

[Event "ROU-ch Open 2021"]
[Site "Iasi"]
[Date "2021.04.23"]
[Round "7.13"]
[White "Negrean, Andrei"]
[Black "Ghimpu, Samuel-Timotei"]
[Result "0-1"]
[WhiteElo "1904"]
[BlackElo "2315"]
[Annotator "NA"]
[PlyCount "120"]
[EventDate "2021.04.19"]
[EventType "swiss"]
[EventCountry "ROU"]
[SourceTitle "playchess.com"]
[Source "ChessBase"]
[SourceQuality "1"]
[TimeControl "5400+30"]

1. e4 {[%emt 0:00:00]} c5 {[%emt 0:00:00]} 2. Nf3 {[%emt 0:00:00]} a6 {[%emt 0:00:15]} 3. c4 {[%emt 0:00:33]} e6 {[%emt 0:01:09]} 4. d4 {[%emt 0:07:39]} cxd4 {[%emt 0:01:23]} 5. Nxd4 {[%emt 0:00:08]} Nf6 {[%emt 0:00:16]} 6. Nc3 {[%emt 0:00:24]} Qc7 {[%emt 0:01:28]} 7. Bd3 {[%emt 0:02:40]} Nc6 {[%emt 0:06:40]} 8. Nxc6 {[%emt 0:08:24]} dxc6 {[%emt 0:00:46]} 9. O-O {[%emt 0:05:22]} e5 {[%emt 0:03:15]} 10. Qe2 {[%emt 0:07:44]} Be6 {[%emt 0:10:50]} 11. h3 {[%emt 0:05:37]} Bc5 {[%emt 0:04:31]} 12. Bg5 {[%emt 0:01:58]} O-O-O {[%emt 0:02:43]} 13. Rab1 {[%emt 0:11:12]} h6 {[%emt 0:03:47]} 14. Be3 {[%emt 0:00:47]} Bxe3 {[%emt 0:18:16]} 15. Qxe3 {[%emt 0:03:58]} Rd4 {[%emt 0:01:40]} 16. Ne2 {[%emt 0:00:51]} Rd7 {[%emt 0:00:07]} 17. b4 {[%emt 0:05:57]} Rhd8 {[%emt 0:02:17]} 18. Rb3 {[%emt 0:00:21]} Nh5 {[%emt 0:02:37]} 19. Rc3 {[%emt 0:16:08]} Nf4 {[%emt 0:03:11]} 20. Nxf4 {[%emt 0:01:36]} exf4 {[%emt 0:00:09]} 21. Qf3 {[%emt 0:04:45]} g5 {[%emt 0:01:29]} 22. Rfc1 {[%emt 0:00:55]} h5 {[%emt 0:10:25]} 23. Qe2 {[%emt 0:06:34]} g4 {[%emt 0:00:35]} 24. hxg4 {[%emt 0:00:26]} hxg4 {[%emt 0:00:15]} 25. f3 {[%emt 0:01:07]} g3 {[%emt 0:02:47]} 26. Kf1 {[%emt 0:01:37]} Qe5 {[%emt 0:04:00]} 27. Ke1 {[%emt 0:03:10]} Qh8 {[%emt 0:00:43]} 28. b5 {[%emt 0:01:06]} Rd4 {[%emt 0:06:20]} 29. bxc6 {[%emt 0:00:29]} bxc6 {[%emt 0:00:07]} 30. c5 {[%emt 0:00:33]} Kc7 {[%emt 0:03:28]} 31. Qf1 {[%emt 0:01:39]} a5 {[%emt 0:01:24]} 32. Rb1 {[%emt 0:00:59]} Rxe4+ {[%emt 0:00:45]} 33. Kd2 {[%emt 0:00:36]} Re3 {[%emt 0:01:09]} 34. Re1 {[%emt 0:00:51]} Rdxd3+ {[%emt 0:02:12]} 35. Rxd3 {[%emt 0:00:20]} Qb2+ {[%emt 0:00:04]} 36. Kd1 {[%emt 0:00:10]} Qb1+ {[%emt 0:00:04]} 37. Kd2 {[%emt 0:00:06]} Qxa2+ {[%emt 0:00:05]} 38. Kc1 {[%emt 0:00:55]} Qa1+ {[%emt 0:00:08]} 39. Kd2 {[%emt 0:00:10]} Qb2+ {[%emt 0:00:05]} 40. Kd1 {[%emt 0:00:07]} Bb3+ {[%emt 0:00:49]} 41. Rxb3 {[%emt 0:00:07]} Qxb3+ {[%emt 0:00:05]} 42. Kd2 {[%emt 0:00:14]} Qc3+ {[%emt 0:00:05]} 43. Kd1 {[%emt 0:00:05]} Rd3+ {[%emt 0:00:03]} 44. Qxd3 {[%emt 0:00:08]} Qxd3+ {[%emt 0:00:05]} 45. Kc1 {[%emt 0:00:03]} Qc3+ {[%emt 0:00:16]} 46. Kd1 {[%emt 0:00:04]} Qd4+ {[%emt 0:00:18]} 47. Ke2 {[%emt 0:00:14]} Qf2+ {[%emt 0:00:08]} 48. Kd1 {[%emt 0:00:05]} Qxg2 {[%emt 0:00:03]} 49. Re7+ {[%emt 0:00:05]} Kd8 {[%emt 0:00:03]} 50. Rxf7 {[%emt 0:00:00]} Qxf3+ {[%emt 0:00:00]} 51. Kc2 {[%emt 0:00:00]} g2 {[%emt 0:00:03]} 52. Rf8+ {[%emt 0:00:00]} Ke7 {[%emt 0:00:06]} 53. Rg8 {[%emt 0:00:00]} g1=Q {[%emt 0:00:13]} 54. Rxg1 {[%emt 0:00:00]} Qf2+ {[%emt 0:00:03]} 55. Kd3 {[%emt 0:00:06]} Qxg1 {[%emt 0:00:06]} 56. Kc4 {[%emt 0:00:04]} f3 {[%emt 0:00:05]} 57. Kd3 {[%emt 0:00:05]} f2 {[%emt 0:00:04]} 58. Kd4 {[%emt 0:00:05]} f1=Q+ {[%emt 0:00:08]} 59. Ke4 {[%emt 0:00:05]} Qg3 {[%emt 0:00:45]} 60. Kd4 {[%emt 0:00:05]} Qfd3# {[%emt 0:00:04]} 0-1